000 00632nam a2200217 4500
003 OSt
005 20240626011143.0
006 a
008 240626b |||||||| |||| 00| 0 eng d
020 _a9710868225
040 _aDWCL-Main lib.
_cOC
082 _aFil. 796.07 T917p 2008
100 _aTuilo, Doris D.
245 _aPhysical education I for college /
260 _aMandaluyong City :
_bNational Book Store,
_cc2008.
300 _aix,
_b157 p. : ill. ;
_c26 cm.
504 _aIncludes bibliographical references.
650 _a1. Physical Education.
650 _a2. Physical Fitness.
942 _2ddc
_n0
_cBK - FIL
_kFil.
999 _c1350
_d1350